000 00322nam a2200133Ia 4500
008 210210b1969 xxu||||| |||| 00| 0 eng d
082 _a370 JOHO
100 _aJOHN (V V).
245 _aOrbiting professor.
260 _aBombay
_bPearl publications pvt ltd
_c1969
300 _a184
690 _aEducation
906 _a028354
999 _c79603
_d79603